000 00815nam a2200265 a 4500
001 ASIN185065977X
005 20170105102853.0
008 130821s xxu eng d
020 _a185065977X (paperback)
020 _a9781850659778 (paperback)
040 _a0
050 0 4 _aHN670.3.Z9
082 0 4 _a303.620954
100 1 _aEnglish, Milices Arm'es D'Asie Du Sud.
245 1 0 _aArmed militias of south asia /
_cMilices Arm'es D'Asie Du Sud English.
300 _a1 v. (unpaged) ;
_c22 cm.
650 0 _aEthnic conflict
650 0 _aInsurgency
650 0 _aMilitia movements
650 0 _aNationalism--Religious aspects
650 0 _aPolitical violence
650 0 _aSouth Asia
856 4 0 _3Amazon.com
_uhttp://www.amazon.com/exec/obidos/ASIN/185065977X/chopaconline-20
942 _2ddc
_cBK
999 _c14348
_d14348